| 000 | 00650nam a2200241Ia 4500 | ||
|---|---|---|---|
| 003 | OSt | ||
| 005 | 20230413145545.0 | ||
| 008 | 210423s2009 xx 000 0 und d | ||
| 020 | _a9788178299266 | ||
| 040 | _cAL | ||
| 041 | _aeng | ||
| 082 | _a343.0745 SINK | ||
| 100 |
_aSINGH (Katar) _988057 |
||
| 245 | _aRural development: principles policies and management | ||
| 250 | _a3 | ||
| 260 |
_aLondon _bSage Publications _c2009 |
||
| 300 |
_axx,348 _bPB |
||
| 365 |
_b425 _cINR |
||
| 650 |
_aLaw _988058 |
||
| 650 |
_aMilitary Tax Trade Law _988059 |
||
| 906 | _adevelopment: ; management ; policies ; principles ; Rural | ||
| 942 |
_2ddc _cBK |
||
| 999 |
_c159728 _d159728 |
||